[Event "ENG-ch"]
[Site "Kenilworth"]
[Date "2024.06.22"]
[Round "5"]
[White "Alldritt, Nigel RE"]
[Black "Lim, Mark"]
[Result "1-0"]
[WhiteElo "1974"]
[BlackElo "1844"]
[PlyCount "51"]
[EventDate "2024.06.20"]
[EventType "swiss"]
[EventRounds "7"]
[EventCountry "ENG"]
[SourceTitle "CBM 220 Extra"]
[Source "ChessBase"]
[SourceDate "2024.07.31"]
[SourceVersion "1"]
[SourceVersionDate "2024.07.31"]
[SourceQuality "1"]

1. d4 Nf6 2. c4 e6 3. g3 d5 4. Nf3 Be7 5. Bg2 0-0 6. 0-0 c6 7. Qc2 b6 8. Nc3 Ba6 9. cxd5 cxd5 10. Bf4 Nh5 11. Bd2 b5 12. a3 Qb6 13. b4 Nc6 14. Qd3 Rac8 15. Rfc1 g6 16. Bh6 Rfd8 17. e3 Ng7 18. Bxg7 Kxg7 19. Bf1 Bf6 20. Na4 Qb7 21. Nc5 Qb6 22. Nxa6 Qxa6 23. Qxb5 Qxb5 24. Bxb5 Nb8 25. Kf1 Nd7 26. Rxc8 1-0

[Event "ENG-ch"]
[Site "Kenilworth"]
[Date "2024.06.21"]
[Round "3"]
[White "Patel, Zain"]
[Black "Lim, Mark"]
[Result "1/2-1/2"]
[WhiteElo "1972"]
[BlackElo "1844"]
[PlyCount "37"]
[EventDate "2024.06.20"]
[EventType "swiss"]
[EventRounds "7"]
[EventCountry "ENG"]
[SourceTitle "CBM 220 Extra"]
[Source "ChessBase"]
[SourceDate "2024.07.31"]
[SourceVersion "1"]
[SourceVersionDate "2024.07.31"]
[SourceQuality "1"]

1. d4 e6 2. Nf3 Nf6 3. e3 c5 4. Bd3 cxd4 5. exd4 Be7 6. 0-0 b6 7. Nbd2 Bb7 8. b3 d6 9. Bb2 Nbd7 10. a4 0-0 11. a5 Re8 12. a6 Bc6 13. Re1 Rc8 14. Qe2 Bf8 15. h3 Qc7 16. g4 g6 17. c4 Bg7 18. Ne4 d5 19. Nxf6+ 1/2-1/2

[Event "BCF-chT2 2324 (4NCL)"]
[Site "England"]
[Date "2024.05.06"]
[Round "11.46"]
[White "Lim, Mark"]
[Black "Shephard, Chris CW"]
[Result "0-1"]
[WhiteElo "1775"]
[BlackElo "2155"]
[PlyCount "32"]
[EventDate "2023.11.11"]
[EventType "team-tourn"]
[EventRounds "11"]
[EventCountry "ENG"]
[SourceTitle "CBM 219 Extra"]
[Source "ChessBase"]
[SourceDate "2024.05.31"]
[SourceVersion "1"]
[SourceVersionDate "2024.05.31"]
[SourceQuality "1"]
[WhiteTeam "Cambridge University II"]
[BlackTeam "Warwicks Select"]
[WhiteTeamCountry "ENG"]
[BlackTeamCountry "ENG"]

1. Nf3 f5 2. d3 d6 3. e4 e5 4. exf5 Bxf5 5. Nc3 Be7 6. Be3 Nf6 7. h3 Nc6 8. g4 Bg6 9. g5 Nh5 10. Be2 Nf4 11. Bxf4 exf4 12. Nd5 0-0 13. Qd2 Bxg5 14. Nxg5 Qxg5 15. Nxc7 Rac8 16. Ne6 Qd5 0-1

[Event "BCF-chT2 2324 (4NCL)"]
[Site "England"]
[Date "2024.05.04"]
[Round "9.68"]
[White "Lim, Mark"]
[Black "Regan, Natasha"]
[Result "0-1"]
[WhiteElo "1775"]
[BlackElo "1978"]
[PlyCount "76"]
[EventDate "2023.11.11"]
[EventType "team-tourn"]
[EventRounds "11"]
[EventCountry "ENG"]
[SourceTitle "CBM 219 Extra"]
[Source "ChessBase"]
[SourceDate "2024.05.31"]
[SourceVersion "1"]
[SourceVersionDate "2024.05.31"]
[SourceQuality "1"]
[WhiteTeam "Cambridge University II"]
[BlackTeam "Barbican"]
[WhiteTeamCountry "ENG"]
[BlackTeamCountry "ENG"]

1. d4 f5 2. Nf3 Nf6 3. e3 g6 4. Be2 Bg7 5. 0-0 0-0 6. c4 a5 7. Nc3 d6 8. Rb1 Nc6 9. a3 e5 10. b4 e4 11. Ne1 axb4 12. axb4 g5 13. b5 Ne7 14. Qb3 Kh8 15. b6 c6 16. d5 c5 17. Na4 Bd7 18. Nc3 Ra6 19. Nc2 Nc8 20. Na3 Rxb6 21. Nab5 Na7 22. Bd2 Qe7 23. Ra1 Nc8 24. Ra8 Ne8 25. Qa2 f4 26. Qa5 Ra6 27. Rxa6 bxa6 28. Qxa6 f3 29. gxf3 exf3 30. Bd3 Qf7 31. Kh1 Qh5 32. Ne4 Be5 33. Ng3 Qh3 34. Rg1 Rf6 35. Bf1 Qh4 36. Bc3 Bxc3 37. Nxc3 Rh6 38. h3 Bxh3 0-1

[Event "British Rapidplay"]
[Site "Peterborough"]
[Date "2024.03.03"]
[Round "9"]
[White "Mehta, Sophie"]
[Black "Lim, Mark"]
[Result "0-1"]
[WhiteElo "1693"]
[BlackElo "1860"]
[PlyCount "122"]
[EventDate "2024.03.02"]
[EventType "swiss (rapid)"]
[EventRounds "11"]
[EventCountry "ENG"]
[SourceTitle "CBM 219 Extra"]
[Source "ChessBase"]
[SourceDate "2024.05.31"]
[SourceVersion "1"]
[SourceVersionDate "2024.05.31"]
[SourceQuality "1"]

1. d4 c5 2. d5 e5 3. Nf3 d6 4. Bg5 Be7 5. Bxe7 Nxe7 6. e4 0-0 7. Be2 a6 8. c4 Nd7 9. 0-0 Rb8 10. Nc3 Qe8 11. a3 Ng6 12. b4 Nf4 13. Bd3 g6 14. Ne2 Nxe2+ 15. Qxe2 f5 16. exf5 gxf5 17. Nh4 e4 18. Bc2 Qe5 19. Qh5 Nf6 20. Qg5+ Kh8 21. Ng6+ hxg6 22. Qh6+ Nh7 23. f4 Qd4+ 24. Kh1 Qxc4 25. Qxg6 Qxd5 26. Rad1 Qf7 27. Qg3 d5 28. bxc5 Be6 29. Rb1 d4 30. Rb6 Bd5 31. Qh4 Rg8 32. Rh6 e3 33. Rg1 e2 34. Qf2 e1Q 35. Qxd4+ Rg7 36. Rxe1 Bxg2+ 37. Kg1 Be4+ 38. Kf2 Bxc2 39. Qe5 Rd8 40. Rg1 Rd2+ 41. Ke3 Rd3+ 42. Ke2 Rd8 43. Kf2 Re8 44. Qc3 Be4 45. Rhg6 Reg8 46. Rxg7 Rxg7 47. Qd4 Nf6 48. Qd8+ Rg8 49. Rxg8+ Nxg8 50. Qh4+ Kg7 51. Qg5+ Kf8 52. Qd8+ Qe8 53. Qd6+ Ne7 54. Qf6+ Qf7 55. Qh8+ Ng8 56. Qe5 Qa2+ 57. Ke3 Qxa3+ 58. Kd2 Qd3+ 59. Ke1 Qe3+ 60. Kd1 Bf3+ 61. Kc2 Qxe5 0-1

[Event "British Rapidplay"]
[Site "Peterborough"]
[Date "2024.03.02"]
[Round "3"]
[White "Dougherty, Michael J"]
[Black "Lim, Mark"]
[Result "1/2-1/2"]
[WhiteElo "2086"]
[BlackElo "1860"]
[PlyCount "119"]
[EventDate "2024.03.02"]
[EventType "swiss (rapid)"]
[EventRounds "11"]
[EventCountry "ENG"]
[SourceTitle "CBM 219 Extra"]
[Source "ChessBase"]
[SourceDate "2024.05.31"]
[SourceVersion "1"]
[SourceVersionDate "2024.05.31"]
[SourceQuality "1"]

1. d4 c5 2. c3 cxd4 3. cxd4 d5 4. Bf4 Nc6 5. e3 Nf6 6. Nc3 a6 7. Bd3 Bg4 8. Qb3 Ra7 9. Rc1 e6 10. h3 Bh5 11. Nf3 Be7 12. Na4 0-0 13. Qb6 Qxb6 14. Nxb6 Bb4+ 15. Ke2 Bg6 16. Ne5 Nxe5 17. dxe5 Bxd3+ 18. Kxd3 Ne4 19. Ke2 Ba5 20. f3 Bxb6 21. fxe4 dxe4 22. Rc4 Ba5 23. Ra4 Bd8 24. Rd1 b5 25. Rxe4 Rc7 26. Red4 Rc2+ 27. R1d2 Rxd2+ 28. Rxd2 g5 29. Bg3 Ba5 30. Rd6 Rc8 31. Rxa6 Rc2+ 32. Kf3 Bd2 33. b3 h5 34. h4 g4+ 35. Ke4 Bc1 36. Bf4 Rxg2 37. a4 bxa4 38. bxa4 g3 39. Kf3 Rg1 40. Rc6 g2 41. Rc2 Kh7 42. Rxg2 Rf1+ 43. Ke2 Rh1 44. Bg5 Bb2 45. Bf6 Ra1 46. Kd3 Ba3 47. Kc4 Bc1 48. Kb5 Bxe3 49. Rg7+ Kh6 50. Rxf7 Rb1+ 51. Kc4 Bd2 52. Re7 Rb6 53. Rd7 Be1 54. Rd6 Rb4+ 55. Kd3 Rxa4 56. Rxe6 Kg6 57. Rc6 Kf5 58. Rc1 Bxh4 59. Rf1+ Ke6 60. Re1 1/2-1/2

[Event "Cambridge op 2nd"]
[Site "Cambridge"]
[Date "2024.02.24"]
[Round "9"]
[White "Lim, Mark"]
[Black "Prince, Alan R"]
[Result "1/2-1/2"]
[WhiteElo "1776"]
[BlackElo "1641"]
[PlyCount "33"]
[EventDate "2024.02.19"]
[EventType "swiss"]
[EventRounds "9"]
[EventCountry "ENG"]
[SourceTitle "CBM 218 Extra"]
[Source "ChessBase"]
[SourceDate "2024.03.31"]
[SourceVersion "1"]
[SourceVersionDate "2024.03.31"]
[SourceQuality "1"]

1. Nf3 Nf6 2. d4 g6 3. Nbd2 Bg7 4. e4 d6 5. Bb5+ c6 6. Bd3 Nbd7 7. 0-0 0-0 8. Re1 e5 9. c3 Re8 10. a4 a5 11. Bc2 Qc7 12. Bb3 Nf8 13. dxe5 dxe5 14. Ng5 Ne6 15. Ndf3 h6 16. Nxe6 Bxe6 17. Bxe6 1/2-1/2

[Event "Cambridge op 2nd"]
[Site "Cambridge"]
[Date "2024.02.21"]
[Round "4"]
[White "Lim, Mark"]
[Black "Hutchinson, Paul A"]
[Result "0-1"]
[WhiteElo "1776"]
[BlackElo "2005"]
[PlyCount "70"]
[EventDate "2024.02.19"]
[EventType "swiss"]
[EventRounds "9"]
[EventCountry "ENG"]
[SourceTitle "CBM 218 Extra"]
[Source "ChessBase"]
[SourceDate "2024.03.31"]
[SourceVersion "1"]
[SourceVersionDate "2024.03.31"]
[SourceQuality "1"]

1. Nf3 Nf6 2. g3 d5 3. Bg2 h6 4. c4 c6 5. Qa4 e6 6. 0-0 Bd6 7. cxd5 exd5 8. Nc3 0-0 9. d3 Re8 10. Qh4 Bf5 11. Re1 Nbd7 12. Nd4 Bxd3 13. Bxh6 Bg6 14. Bg5 Qb6 15. Nb3 Ne4 16. Be3 Qc7 17. Rac1 Nxc3 18. Rxc3 Be4 19. a3 Nf6 20. Bd4 Be5 21. Bxe5 Rxe5 22. Qf4 Qe7 23. Bxe4 Rxe4 24. Qf3 Re8 25. Nc5 Re5 26. b4 a5 27. bxa5 d4 28. Rb3 Rxc5 29. Reb1 Qxe2 30. Qf4 d3 31. Rxb7 d2 32. Qc7 Rc1+ 33. Kg2 Qf1+ 34. Kf3 d1Q+ 35. Kf4 Qg4# 0-1

[Event "Cambridge op 2nd"]
[Site "Cambridge"]
[Date "2024.02.19"]
[Round "1"]
[White "Iyengar, Ilya"]
[Black "Lim, Mark"]
[Result "1/2-1/2"]
[WhiteElo "1972"]
[BlackElo "1776"]
[PlyCount "50"]
[EventDate "2024.02.19"]
[EventType "swiss"]
[EventRounds "9"]
[EventCountry "ENG"]
[SourceTitle "CBM 218 Extra"]
[Source "ChessBase"]
[SourceDate "2024.03.31"]
[SourceVersion "1"]
[SourceVersionDate "2024.03.31"]
[SourceQuality "1"]

1. d4 c5 2. d5 e5 3. e4 d6 4. Bb5+ Nd7 5. a4 a6 6. Be2 Be7 7. Nf3 Nf8 8. h3 Ng6 9. 0-0 Nh4 10. Nbd2 Bg5 11. Nc4 Nxf3+ 12. Bxf3 Bxc1 13. Qxc1 h5 14. a5 Qf6 15. Nb6 Rb8 16. Ra3 g5 17. Nxc8 Rxc8 18. g3 Qg6 19. Bg2 h4 20. f4 gxf4 21. gxf4 Nf6 22. fxe5 Rg8 23. Rf2 Nxe4 24. Re2 Ng3 25. Rf2 Ne4 1/2-1/2

[Event "Cambridge op 2nd"]
[Site "Cambridge"]
[Date "2024.02.19"]
[Round "2"]
[White "Lim, Mark"]
[Black "Dierssen Garcia Barredo, Guillermo"]
[Result "1/2-1/2"]
[WhiteElo "1776"]
[BlackElo "1937"]
[PlyCount "71"]
[EventDate "2024.02.19"]
[EventType "swiss"]
[EventRounds "9"]
[EventCountry "ENG"]
[SourceTitle "CBM 218 Extra"]
[Source "ChessBase"]
[SourceDate "2024.03.31"]
[SourceVersion "1"]
[SourceVersionDate "2024.03.31"]
[SourceQuality "1"]

1. Nf3 c5 2. g3 g6 3. c4 Nc6 4. Bg2 Bg7 5. Nc3 e5 6. 0-0 Nge7 7. a3 d6 8. Rb1 a5 9. Ne1 Be6 10. d3 0-0 11. Nc2 d5 12. cxd5 Nxd5 13. Ne3 Nc7 14. Nc4 Qe7 15. Be3 h6 16. Qc1 Kh7 17. Bxc6 bxc6 18. Ne4 Rfd8 19. Bxc5 Qe8 20. Ncd6 Qd7 21. Nc4 Nd5 22. Bb6 Bh3 23. Re1 Rf8 24. Bxa5 f5 25. Nc3 f4 26. Ne4 Qf5 27. Bb4 Nf6 28. Bxf8 Rxf8 29. Ncd6 Qh5 30. Nxf6+ Bxf6 31. Qxc6 Bd8 32. Rbc1 Bg4 33. Qb7+ Kg8 34. Qd5+ Kh7 35. Rc2 f3 36. Qb7+ 1/2-1/2

[Event "BCF-chT2 2324 (4NCL)"]
[Site "England"]
[Date "2024.01.14"]
[Round "4.67"]
[White "Jaufarally, Nadia"]
[Black "Lim, Mark"]
[Result "1/2-1/2"]
[WhiteElo "2029"]
[BlackElo "1775"]
[PlyCount "26"]
[EventDate "2023.11.11"]
[EventType "team-tourn"]
[EventRounds "11"]
[EventCountry "ENG"]
[SourceTitle "CBM 219 Extra"]
[Source "ChessBase"]
[SourceDate "2024.05.31"]
[SourceVersion "1"]
[SourceVersionDate "2024.05.31"]
[SourceQuality "1"]
[WhiteTeam "The ADS"]
[BlackTeam "Cambridge University II"]
[WhiteTeamCountry "ENG"]
[BlackTeamCountry "ENG"]

1. e4 e6 2. d4 d5 3. Nc3 Bb4 4. e5 c5 5. a3 Bxc3+ 6. bxc3 Ne7 7. Qg4 Qc7 8. Qxg7 Rg8 9. Qxh7 cxd4 10. Qd3 Qxe5+ 11. Ne2 dxc3 12. Bf4 Qf5 13. Qxf5 Nxf5 1/2-1/2

[Event "BCF-chT2 2324 (4NCL)"]
[Site "England"]
[Date "2024.01.13"]
[Round "3.4"]
[White "Lim, Mark"]
[Black "Murphy, Hugh W"]
[Result "0-1"]
[WhiteElo "1775"]
[BlackElo "2001"]
[PlyCount "140"]
[EventDate "2023.11.11"]
[EventType "team-tourn"]
[EventRounds "11"]
[EventCountry "ENG"]
[SourceTitle "CBM 219 Extra"]
[Source "ChessBase"]
[SourceDate "2024.05.31"]
[SourceVersion "1"]
[SourceVersionDate "2024.05.31"]
[SourceQuality "1"]
[WhiteTeam "Cambridge University II"]
[BlackTeam "The Sharks II"]
[WhiteTeamCountry "ENG"]
[BlackTeamCountry "ENG"]

1. d4 Nf6 2. Nf3 d5 3. c4 e6 4. cxd5 exd5 5. Nc3 c6 6. Qc2 Be7 7. Bg5 g6 8. Bxf6 Bxf6 9. e3 Bf5 10. Bd3 Bxd3 11. Qxd3 0-0 12. h4 h6 13. 0-0-0 Nd7 14. g4 Bg7 15. Nd2 b5 16. f4 b4 17. Ne2 c5 18. Kb1 c4 19. Nxc4 dxc4 20. Qxc4 Qe7 21. Rh3 Qe4+ 22. Ka1 Rac8 23. Qxb4 Qc2 24. Qd2 Nf6 25. Nc3 Qxd2 26. Rxd2 Nxg4 27. h5 Rfe8 28. a3 Rxe3 29. Rh4 gxh5 30. Rxh5 Kf8 31. Ra5 Rf3 32. Rxa7 Rxf4 33. Ne2 Rf6 34. Ng3 Rd6 35. d5 Ne3 36. Rf2 Rf6 37. Rd2 Nc4 38. Rc2 Rb6 39. Nf5 Be5 40. Nxh6 Rxh6 41. Ka2 Bxb2 42. Ra4 Bxa3 43. Rxa3 Rd6 44. Ra4 Nb6 45. Rxc8+ Nxc8 46. Ra8 Rd8 47. Kb3 Ke7 48. Kc3 Nb6 49. Ra7+ Rd7 50. d6+ Kxd6 51. Ra6 Kc6 52. Ra1 f5 53. Rf1 Rd5 54. Rf4 Kd6 55. Rb4 Kc5 56. Rf4 Kd6 57. Rb4 Nd7 58. Rh4 Ke5 59. Kc4 Nf6 60. Rh8 Rd7 61. Rh1 f4 62. Re1+ Ne4 63. Rh1 Rd4+ 64. Kb3 f3 65. Kc2 Kf4 66. Rd1 Rxd1 67. Kxd1 Ke3 68. Ke1 f2+ 69. Kf1 Nd2+ 70. Kg2 f1Q+ 0-1

[Event "Southend Easter op 64th"]
[Site "Southend"]
[Date "2022.04.18"]
[Round "7"]
[White "Lim, Mark"]
[Black "Chan, Ngo Yu"]
[Result "1-0"]
[WhiteElo "1796"]
[BlackElo "1525"]
[PlyCount "115"]
[EventDate "2022.04.15"]
[EventType "swiss"]
[EventRounds "7"]
[EventCountry "ENG"]
[SourceTitle "CBM 207 Extra"]
[Source "ChessBase"]
[SourceDate "2022.05.31"]
[SourceVersion "1"]
[SourceVersionDate "2022.05.31"]
[SourceQuality "1"]

1. d4 d5 2. c4 e6 3. Nc3 Nf6 4. cxd5 exd5 5. Bg5 Be7 6. Qc2 h6 7. Bh4 0-0 8. e3 c6 9. Bd3 Na6 10. a3 Nc7 11. Nf3 Ne6 12. 0-0 Re8 13. b4 a6 14. Rfc1 Bd7 15. Na4 Rc8 16. Ne5 Qc7 17. Bxf6 Bxf6 18. Nxd7 Qxd7 19. Nb6 Qd6 20. Nxc8 Rxc8 21. Bf5 Be7 22. Rab1 b6 23. a4 b5 24. axb5 axb5 25. Bd3 Qb8 26. Bf5 Qd6 27. Qe2 g6 28. Bd3 Nc7 29. Ra1 Rb8 30. h3 Qd7 31. Qd2 Na8 32. Ra6 Nb6 33. e4 Kg7 34. Qf4 Qb7 35. Ra2 Bg5 36. Qe5+ f6 37. Qe6 Bxc1 38. e5 Rf8 39. Rc2 Ba3 40. Rxc6 Nd7 41. Qg4 g5 42. Qf5 Kf7 43. Qe6+ Kg7 44. Rd6 Rf7 45. Qf5 Nf8 46. exf6+ Kg8 47. Rd8 Bxb4 48. Qg6+ Kh8 49. Qxh6+ Kg8 50. Qxg5+ Kh8 51. Qh6+ Kg8 52. Qg6+ Kh8 53. Qh5+ Kg8 54. Rxd5 Bd2 55. Qg4+ Kh8 56. Rxb5 Qc7 57. Rc5 Qa7 58. Bc4 1-0

[Event "Southend Easter op 64th"]
[Site "Southend"]
[Date "2022.04.16"]
[Round "3"]
[White "Lim, Mark"]
[Black "Freeman, Ashley"]
[Result "1/2-1/2"]
[WhiteElo "1796"]
[BlackElo "1988"]
[PlyCount "51"]
[EventDate "2022.04.15"]
[EventType "swiss"]
[EventRounds "7"]
[EventCountry "ENG"]
[SourceTitle "CBM 207 Extra"]
[Source "ChessBase"]
[SourceDate "2022.05.31"]
[SourceVersion "1"]
[SourceVersionDate "2022.05.31"]
[SourceQuality "1"]

1. d4 f5 2. Nf3 Nf6 3. e3 e6 4. Be2 b6 5. 0-0 Bb7 6. c4 Be7 7. Nc3 0-0 8. b3 Ne4 9. Nxe4 fxe4 10. Nd2 Bb4 11. a3 Bxd2 12. Bxd2 Qh4 13. Qe1 Qg5 14. Kh1 d6 15. f4 exf3 16. Bxf3 Bxf3 17. Rxf3 Rxf3 18. gxf3 Qf5 19. Qg3 Nd7 20. Rg1 g6 21. e4 Qf6 22. Be3 Rf8 23. Rf1 e5 24. Bg5 Qe6 25. d5 Qe8 26. Kg2 1/2-1/2

[Event "FICGS class A 000256 email"]
[Site "FICGS email"]
[Date "2022.02.09"]
[Round "1"]
[White "Lim, Mark"]
[Black "Talek, Jan"]
[Result "1-0"]
[WhiteElo "2016"]
[BlackElo "2000"]
[PlyCount "25"]
[EventDate "2022.??.??"]
[EventType "tourn (corr)"]
[EventRounds "6"]
[SourceTitle "Corr 2024"]
[Source "ChessBase"]
[SourceDate "2023.10.19"]
[SourceVersion "1"]
[SourceVersionDate "2023.10.19"]
[SourceQuality "1"]

1. d4 d5 2. Nf3 e6 3. g3 c5 4. Bg2 cxd4 5. Nxd4 Nf6 6. c4 e5 7. Nb3 d4 8. 0-0 Nc6 9. Bg5 Be7 10. e3 0-0 11. exd4 exd4 12. Bxc6 bxc6 13. Qxd4 1-0

[Event "FICGS rapid A 000279 email"]
[Site "FICGS email"]
[Date "2022.01.29"]
[Round "1"]
[White "Vasquez, Fernando"]
[Black "Lim, Mark"]
[Result "1-0"]
[WhiteElo "2164"]
[BlackElo "2016"]
[PlyCount "59"]
[EventDate "2022.??.??"]
[EventType "tourn (rapid)"]
[EventRounds "6"]
[SourceTitle "Corr 2024"]
[Source "ChessBase"]
[SourceDate "2023.10.19"]
[SourceVersion "1"]
[SourceVersionDate "2023.10.19"]
[SourceQuality "1"]

1. e4 c5 2. c3 d5 3. exd5 Qxd5 4. d4 g6 5. Na3 cxd4 6. Nb5 Na6 7. Nf3 Nf6 8. Qxd4 Bg7 9. Bc4 Qxd4 10. Nbxd4 0-0 11. 0-0 Rd8 12. Re1 e6 13. Bf4 Nc5 14. Bc7 Rd7 15. Be5 Rd8 16. Nb3 Na4 17. Rab1 b6 18. Bb5 Bd7 19. Bf1 Nd5 20. Bxg7 Kxg7 21. Ne5 Be8 22. g3 Rac8 23. Nd4 g5 24. Ba6 Rc5 25. Nd3 Ra5 26. Bc4 Rc8 27. Bb3 Nc5 28. Ne5 Nxb3 29. axb3 Kf6 30. Nc4 1-0

[Event "FICGS class A 000255 email"]
[Site "FICGS email"]
[Date "2022.01.20"]
[Round "1"]
[White "Lim, Mark"]
[Black "Vasquez, Fernando"]
[Result "1/2-1/2"]
[WhiteElo "2016"]
[BlackElo "2164"]
[PlyCount "33"]
[EventDate "2022.??.??"]
[EventType "tourn (corr)"]
[EventRounds "6"]
[SourceTitle "Corr 2024"]
[Source "ChessBase"]
[SourceDate "2023.10.19"]
[SourceVersion "1"]
[SourceVersionDate "2023.10.19"]
[SourceQuality "1"]

1. d4 Nf6 2. Nf3 e6 3. g3 c5 4. Bg2 cxd4 5. Nxd4 d5 6. 0-0 e5 7. Nb3 Be6 8. c4 Nc6 9. cxd5 Nxd5 10. N1d2 h6 11. Ne4 Qb6 12. Nd6+ Bxd6 13. Bxd5 Bxd5 14. Qxd5 Rd8 15. Be3 Qb4 16. Rac1 Be7 17. Qc4 1/2-1/2

[Event "FICGS class A 000255 email"]
[Site "FICGS email"]
[Date "2022.01.20"]
[Round "1"]
[White "Talek, Jan"]
[Black "Lim, Mark"]
[Result "0-1"]
[WhiteElo "2000"]
[BlackElo "2016"]
[PlyCount "44"]
[EventDate "2022.??.??"]
[EventType "tourn (corr)"]
[EventRounds "6"]
[SourceTitle "Corr 2024"]
[Source "ChessBase"]
[SourceDate "2023.10.19"]
[SourceVersion "1"]
[SourceVersionDate "2023.10.19"]
[SourceQuality "1"]

1. d4 Nf6 2. c4 e6 3. Nc3 Bb4 4. f3 d5 5. a3 Bxc3+ 6. bxc3 c5 7. cxd5 Nxd5 8. dxc5 f5 9. Nh3 Qa5 10. Bd2 Qxc5 11. c4 Ne3 12. Qb3 Nxf1 13. Kxf1 Nc6 14. Bb4 Qe5 15. Rb1 Nxb4 16. Qxb4 b6 17. g3 Bd7 18. Nf4 Rc8 19. Rd1 Qc5 20. Qb2 Qe7 21. Kf2 0-0 22. Qb4 Rf7 0-1

[Event "Newcastle Northumbria Masters"]
[Site "Newcastle on Tyne"]
[Date "2021.08.27"]
[Round "3"]
[White "Lim, Mark"]
[Black "Birtwistle, Nigel"]
[Result "0-1"]
[WhiteElo "1779"]
[BlackElo "2123"]
[PlyCount "64"]
[EventDate "2021.08.26"]
[EventType "swiss"]
[EventRounds "9"]
[EventCountry "ENG"]
[SourceTitle "CBM 204 Extra"]
[Source "ChessBase"]
[SourceDate "2021.11.30"]
[SourceVersion "1"]
[SourceVersionDate "2021.11.30"]
[SourceQuality "1"]

1. d4 Nf6 2. c4 c5 3. d5 b5 4. Nf3 g6 5. Qc2 b4 6. a3 a5 7. axb4 cxb4 8. e4 d6 9. e5 dxe5 10. Nxe5 Bg7 11. Qa4+ Nbd7 12. Nc6 Qc7 13. Nxb4 0-0 14. Nc6 Nb6 15. Qb3 e6 16. Be3 Nbxd5 17. cxd5 Nxd5 18. Bb5 Nxe3 19. fxe3 Bb7 20. 0-0 Bxc6 21. Rc1 Bd5 22. Rxc7 Bxb3 23. Nc3 Be5 24. Rd7 Rfd8 25. Rxd8+ Rxd8 26. Rxa5 Rd2 27. Ne4 Rxb2 28. g3 Bd5 29. Ng5 Bc7 30. Ra7 Bb6 31. Rxf7 Bxe3+ 32. Kf1 Rxb5 0-1

[Event "Newcastle Northumbria Masters"]
[Site "Newcastle on Tyne"]
[Date "2021.08.26"]
[Round "1"]
[White "Lim, Mark"]
[Black "Gayson, Peter"]
[Result "1-0"]
[WhiteElo "1779"]
[BlackElo "2150"]
[PlyCount "85"]
[EventDate "2021.08.26"]
[EventType "swiss"]
[EventRounds "9"]
[EventCountry "ENG"]
[SourceTitle "CBM 204 Extra"]
[Source "ChessBase"]
[SourceDate "2021.11.30"]
[SourceVersion "1"]
[SourceVersionDate "2021.11.30"]
[SourceQuality "1"]

1. d4 f5 2. Nf3 Nf6 3. e3 g6 4. Be2 Bg7 5. 0-0 0-0 6. c4 d6 7. Nc3 Nc6 8. Rb1 Bd7 9. b4 Kh8 10. b5 Na5 11. c5 dxc5 12. dxc5 Ng4 13. Bb2 e5 14. Qa4 c6 15. Rfd1 cxb5 16. Bxb5 Nc6 17. h3 Nh6 18. Ne2 Qe7 19. Nxe5 Nxe5 20. Bxe5 Qxe5 21. Rxd7 Rf7 22. c6 bxc6 23. Bxc6 Rxd7 24. Bxd7 Rb8 25. Rxb8+ Qxb8 26. Qc2 Ng8 27. Ba4 Be5 28. Bb3 Nf6 29. Qc4 Ne4 30. f4 Nd2 31. Qd5 Nxb3 32. fxe5 Qb4 33. Qa8+ Kg7 34. Qxa7+ Kh6 35. axb3 Qe1+ 36. Kh2 Qxe2 37. Qd4 g5 38. e6 g4 39. Qf4+ Kg6 40. hxg4 fxg4 41. e7 Qb5 42. Qxg4+ Kf7 43. Qc4+ 1-0

[Event "FICGS class A 000227 email"]
[Site "FICGS email"]
[Date "2020.03.24"]
[Round "1"]
[White "Frenkel, Alex"]
[Black "Lim, Mark"]
[Result "1/2-1/2"]
[WhiteElo "2132"]
[BlackElo "2046"]
[PlyCount "32"]
[EventDate "2020.??.??"]
[EventType "tourn (corr)"]
[EventRounds "6"]
[SourceTitle "Corr 2022"]
[Source "ChessBase"]
[SourceDate "2021.10.24"]
[SourceVersion "1"]
[SourceVersionDate "2021.10.24"]
[SourceQuality "1"]

1. e4 e6 2. d4 d5 3. Nd2 c5 4. Ngf3 cxd4 5. Nxd4 Nf6 6. exd5 Nxd5 7. N2f3 Bb4+ 8. Bd2 0-0 9. Bxb4 Nxb4 10. c3 N4c6 11. Bc4 b6 12. Nb5 a6 13. Nd6 Qc7 14. Nxc8 Rxc8 15. a4 Nd7 16. Be2 Rd8 1/2-1/2